LIBRARY & INFORMATION CENTRE, KCAET, TAVANUR

ONLINE PUBLIC ACCESS CATALOGUE (OPAC)

Raktham puranda mantharikal / (Record no. 12767)

MARC details
000 -LEADER
fixed length control field 00452cam a2200181ua 4500
041 ## - LANGUAGE CODE
Language code of text/sound track or separate title mal
082 ## - DEWEY DECIMAL CLASSIFICATION NUMBER
Classification number 894.812301
Item number VAS/RA
100 ## - MAIN ENTRY--AUTHOR NAME
Personal name Vasudevan Nair, M T.
245 ## - TITLE STATEMENT
Title Raktham puranda mantharikal /
250 ## - EDITION STATEMENT
Edition statement 2 /
260 ## - PUBLICATION, DISTRIBUTION, ETC. (IMPRINT)
Place of publication Palghat :
Name of publisher Udaya publications ,
Year of publication 1957.
300 ## - PHYSICAL DESCRIPTION
Number of Pages 106 ; .
942 ## - ADDED ENTRY ELEMENTS (KOHA)
Koha item type Books
Holdings
Withdrawn status Lost status Damaged status Home library Current library Date acquired Full call number Accession Number Koha item type
      KAUAET KAUAET 07/04/2012 894.812301 1414 Books
free website counter